BIG DATA ANALYTICS (Record no. 27734)

MARC details
000 -LEADER
fixed length control field 00339nam a2200133Ia 4500
008 - FIXED-LENGTH DATA ELEMENTS--GENERAL INFORMATION
fixed length control field 240624s9999 xx 000 0 und d
041 ## - LANGUAGE CODE
Language code of text/sound track or separate title eng
082 ## - DEWEY DECIMAL CLASSIFICATION NUMBER
Classification number 658.472 SHA
100 ## - MAIN ENTRY--PERSONAL NAME
Personal name SHANKARMANI RADHA
245 ## - TITLE STATEMENT
Title BIG DATA ANALYTICS
260 ## - PUBLICATION, DISTRIBUTION, ETC.
Date of publication, distribution, etc. 2016
Place of publication, distribution, etc. New Delhi
Name of publisher, distributor, etc. Wiley India
300 ## - PHYSICAL DESCRIPTION
Extent xxii, : 306 : p. : cm. ; 23
365 ## - TRADE PRICE
Currency code RS
Price amount 27.5
Holdings
Withdrawn status Lost status Damaged status Not for loan Home library Current library Shelving location Date acquired Source of acquisition Cost, normal purchase price Full call number Barcode Date last seen Copy number Price effective from Koha item type
        IMTN IMTN Rack 33-A 07/13/2016 VBC 349.00 658.472 SHA 27734 06/24/2024 1 06/24/2024 Books
Designed & Maintained by: LRC IMT Nagpur Contact: lrc@imtnag.ac.in© 2024. All Rights Reserved.